[Event "Mecklenburg VP-ch U14"]
[Site "Malchow"]
[Date "2010.02.??"]
[Round "7.9"]
[White "Dombrowsky, Marcus"]
[Black "Schmitz, Niklas"]
[Result "0-1"]
[WhiteElo "950"]
[BlackElo "1092"]
[PlyCount "68"]
[EventDate "2010.02.10"]
[EventType "swiss"]
[EventRounds "7"]
[EventCountry "GER"]
[SourceTitle "EXT 2022"]
[Source "ChessBase"]
[SourceDate "2021.10.06"]
[SourceVersion "1"]
[SourceVersionDate "2021.10.06"]
[SourceQuality "1"]

1. d4 Nf6 2. c4 e6 3. Nc3 Bb4 4. a3 Bxc3+ 5. bxc3 0-0 6. Nf3 b6 7. g3 Bb7 8. Bg2 Ne4 9. Ne5 Nxc3 10. Qd3 Bxg2 11. Rg1 Bb7 12. Qxc3 d6 13. Ng4 h6 14. Bb2 d5 15. c5 Nc6 16. Ne5 Nxe5 17. dxe5 c6 18. Qd4 bxc5 19. Qxc5 Qb6 20. Bd4 Qxc5 21. Bxc5 Rfd8 22. Rb1 Ba6 23. e3 Bc4 24. Rb7 a5 25. Bb6 Rdb8 26. Rxb8+ Rxb8 27. Bxa5 Rb1+ 28. Kd2 Rxg1 29. Kc3 Rg2 30. a4 Rxf2 31. Bb6 Ra2 32. a5 Rxh2 33. Kb4 Bb5 34. Kc5 Rg2 0-1